| 000 | 00723nam a2200229 a 4500 | ||
|---|---|---|---|
| 005 | 20200104041556.0 | ||
| 008 | 140318t2003 sz fr|||| 001 0 eng d | ||
| 020 | _a2883230196 | ||
| 040 |
_aCO-BoIAVH _cCO-BoIAVH |
||
| 041 | 0 | _aeng | |
| 044 | _asz | ||
| 082 | 0 | 4 |
_aW66e _b578.68 |
| 100 | 1 | _aWijnstekers, Willen | |
| 245 | 1 | 4 |
_aThe Evolution of CITES : _bConvention on International Trade in Endangered Species of Wild Fauna and Flora |
| 250 | _aSéptima edición | ||
| 260 |
_aSuiza : _bCITES, _cc2003. |
||
| 300 |
_a588 páginas ; _c24 x 16 cm. |
||
| 650 | 6 | _aClasificación de especies | |
| 650 | 6 | _aComercio de especies silvestres | |
| 650 | 6 | _aEspecies amenazadas | |
| 942 |
_cLIBRO _2ddc |
||
| 999 |
_c5140 _d5140 |
||